Business English pair work : Conservation practice for business people
Gespeichert in:
| 1. Verfasser: | |
|---|---|
| Format: | Buch |
| Sprache: | Undetermined |
| Veröffentlicht: |
London, Eng.
Penguin Books
1996
|
| Schlagworte: | |
| Tags: |
Tag hinzufügen
Keine Tags, Fügen Sie den ersten Tag hinzu!
|
| Thư viện lưu trữ: | Trung tâm Học liệu Trường Đại học Cần Thơ |
|---|
| LEADER | 00616nam a2200217Ia 4500 | ||
|---|---|---|---|
| 001 | CTU_74575 | ||
| 008 | 210402s9999 xx 000 0 und d | ||
| 020 | |b 329200 | ||
| 082 | |a 428.24 | ||
| 082 | |b F622/T1 | ||
| 100 | |a Flinders, Steve | ||
| 245 | 0 | |a Business English pair work : | |
| 245 | 0 | |b Conservation practice for business people | |
| 245 | 0 | |c Steve Flinders, Simon Sweeney | |
| 260 | |a London, Eng. | ||
| 260 | |b Penguin Books | ||
| 260 | |c 1996 | ||
| 650 | |a English language | ||
| 650 | |x Textbooks for foreign speakers | ||
| 904 | |i Minh | ||
| 980 | |a Trung tâm Học liệu Trường Đại học Cần Thơ | ||